إنتاج وتصميم الوسائل التعليمية / (رقم التسجيلة. 110544)

تفاصيل مارك
000 -الفاتح
عناصر البيانات ثابتة الطول 00850cam a22002171i 4500
005 - تاريخ ووقت آخر معاملة
حقل ضبط 20260201110257.0
008 - عناصر البيانات ثابتة الطول
عناصر البيانات ثابتة الطول 250721s2008 jo gr 000 0 ara d
020 ## - الترقيم الدولي المعياري للكتب (ردمك)
الترقيم الدولي المعياري للكتب (ردمك) 9789957423926
082 14 - رقم تصنيف ديوي العشري
رقم التصنيف 371.33
رقم المادة ط ي ط
100 1# - مدخل رئيسي – اسم شخصي
الاسم الشخصي الطيطي، محمد عيسى
علاقة الشخص بالعمل/ دوره مؤلف.
245 10 - بيان العنوان
العنوان إنتاج وتصميم الوسائل التعليمية /
بيان المسؤولية د. محمد عيسى الطيطي، د.فراس محمد العزة، أ. عبد لإله طويق.
264 31 - بيانات النشر، التوزيع…إلخ
مكان النشر، التوزيع...إلخ عمان :
اسم الناشر، الموزع...إلخ دار عالم الثقافة،
تاريخ النشر، التوزيع...إلخ 2008.
300 ## - الوصف المادي
عدد الوحدات المكونة للوعاء 460 صفحه.
650 17 - مدخل إضافي بالموضوع - مصطلح موضوعي
مصطلح موضوعي أو اسم جغرافي كعنصر مدخل وسائل التدريب.
650 17 - مدخل إضافي بالموضوع - مصطلح موضوعي
مصطلح موضوعي أو اسم جغرافي كعنصر مدخل طرق التعلم.
653 ## - رأس موضوع – غير مقيد
المصطلح / رأس الموضوع غير المقيد الوسائل التعليميه
700 1# - مدخل إضافي - اسم شخصي
الاسم الشخصي العزة، فراس محمد
علاقة الشخص بالعمل/ دوره مؤلف.
700 1# - مدخل إضافي - اسم شخصي
الاسم الشخصي طويق، عبد الإله
علاقة الشخص بالعمل/ دوره مؤلف.
942 ## - بيانات إضافية (كوها)
نوع التنصيف Dewey Decimal Classification
نوع المادة (كوها) كتب
المقتنيات
حالة السحب حالة الفقدان مصدر التصنيف حالة التلف غير قابل للإعارة المكتبة الرئيسية المكتبة الحالية موقع الرف تاريخ التزويد الرقم المتسلسل Total Checkouts رقم الإستدعاء الباركود تاريخ آخر ظهور تاريخ الفاتورة نوع المادة (كوها)
    Dewey Decimal Classification     المكتبة المركزية المكتبة المركزية الإعارة 28/07/2025 1150526   371.33 / ط ي ط 1150526 28/07/2025 28/07/2025 كتب
    Dewey Decimal Classification     مكتبة أبو علندا العامة مكتبة أبو علندا العامة الإعارة 28/07/2025 1150540   371.33/طيط 1150540 28/07/2025 28/07/2025 كتب
    Dewey Decimal Classification     مكتبة الأميرة ايمان العامة مكتبة الأميرة ايمان العامة الإعارة 28/07/2025 1150535   371.33/طيط 1150535 28/07/2025 28/07/2025 كتب
    Dewey Decimal Classification     مكتبة الحسن العامة مكتبة الحسن العامة الإعارة 28/07/2025 1150537   371.33/طيط 1150537 28/07/2025 28/07/2025 كتب
    Dewey Decimal Classification     مكتبة حمزة العامة مكتبة حمزة العامة الإعارة 28/07/2025 1150538   371.33/طيط 1150538 28/07/2025 28/07/2025 كتب
    Dewey Decimal Classification     مكتبة صويلح العامة مكتبة صويلح العامة الإعارة 28/07/2025 1150536   371.33/طيط 1150536 28/07/2025 28/07/2025 كتب
    Dewey Decimal Classification     مكتبة ومركز فرح مكتبة ومركز فرح الإعارة 06/05/2009 1287058   371.33/طيط PLD00086716 28/07/2025 06/05/2009 كتب
Implemented & Customized by: BBB with SCIT (Smart Chains for Information Technology)

Powered by Koha